000 00481nam a2200181Ia 4500
005 20250326142454.0
008 250326s9999 xx 000 0 und d
037 _aTextbook
040 _aFMSL
_beng
_cFMSL
041 _aeng
_2eng
084 _qFMSL
100 _aShimmin B F
_9746099
245 0 _aWindows 98 Networking
_cShimmin B F; Klingler S P
260 _aNew Delhi
_bNew Delhi, Tata McGrawHill
_c1999
300 _a607p
942 _cTB
999 _c1295185
_d1295185